1560 1308 1757 1454 1006 1152 1031 1829 1747 1605 1270 1979 1540 1749 1483 1286 1768 1084 1102 1269 1685 1122 1939 1670 1250 1775 1269 1501 1336 1480 1469 1863 1361 1762 1486 1571 1453 1887 1646 1076 1831 1416 1605 1908 1167 1761 1154 1873 1570 1978 1666 1226 1243 1509 1669 1785 1437 1599 1117 1983 1894 1920 1366 1563 1427 1993 1090 1211 1332 1223 1306 1501 1208 1785 1606 1610 1510 1548 1322 1813 1653 1843 1024 1077 1775 1358 1308 1825 1960 1843 1376 1065 1982 1762 1725 1054 1379 1121 1952 BCNSPRNW ULIB Ver.6.0+V

เปลี่ยนเป็นภาษาไทย

Change to English
 แสดงรายละเอียดบรรณานุกรม
  กลับหน้าหลัก

Brief Record : Get Marc (ISO 2709) : E-mail record : QR code < ปิดหน้าต่าง
LEADER : 00000nam 2200000uu 4500
001    13399128503
003     ULIB
008    230830s2565||||th 000 0 tha d
020    ^a9786169394709
060 04 ^aWM171.5^bด235ต
100 0  ^aดวงสุรีย์ อยู่ในวงค์
245 10 ^aตื่นมาเพื่อเป็นฉันที่ดีกว่าเดิม =^bWake up a better me /^cดวงสุรีย์อยู่ในวงค์
246 31 ^aWake up a better me
250    ^aพิมพ์ครั้งที่ 1
260    ^aบุรีรัมย์ :^bเว้ค-อัพ อะ เบท-เทอ-มี,^c2565
300    ^a210 หน้า :^bภาพประกอบ ;^c22 ซม.
505 2  ^aทำความรู้จักตัวเอง -- ปรับเข้มทิศ วางแผนและลงมือทำ --ปรับเข็มทิศวางแผนและลงมือทำ -- ปล่อยวางและไม่ยึดติด
650  4 ^aความซึมเศร้า
650  4 ^aการดำเนินชีวิต
650  4 ^aจิตวิทยาประยุกต์
945    ^p395^l0^i010266
999    ^aประนอม เกษจรัล
รายการนี้ยังไม่มีแท็ก
คุณยังไม่ได้ล็อกอิน คุณสามารถมีกิจกรรมร่วมกับเว็บไซต์ได้ แต่ต้องล็อกอินก่อน ::
  ล็อกอิน

รายการสื่อสารสนเทศ

ลำดับที่ ประเภท เลขเรียก/บาร์โค้ด สถานที่ สถานะ
1. วิทยาศาสตร์การแพทย์ และสุขภาพ
วิทยาศาสตร์การแพทย์ และสุขภาพ
WM171.5 ด235ต ฉ.1 
  Barcode: 010266
ห้องสมุดวิทยาเขตสวรรค์ประชารักษ์
►หนังสือทั่วไป
บนชั้น

รายการใกล้เคียง
    ผู้แต่ง [ดวงสุรีย์ อยู่ในวงค์]

    หัวเรื่อง [ความซึมเศร้า]
    หัวเรื่อง [การดำเนินชีวิต]
    หัวเรื่อง [จิตวิทยาประยุกต์]

BibComment


ยังไม่เคยถูกคอมเมนท์

คอมเมนท์ทรัพยากรรายการนี้
  คอมเมนท์: ตื่นมาเพื่อเป็นฉ..


 Copyright 2026. Bcnsprnw @Library